İnsan hakları ve Türkiye (Record no. 4586)

MARC details
000 -BAŞLIK
Sabit Uzunlukta Kontrol Alanı 00783na a2200265 4500
001 - KONTROL NUMARASI
Denetim Alanı 14698
003 - KONTROL NUMARASI IDENTIFIER
Denetim Alanı MIRAKIL
005 - SON İŞLEM TARİHİ VE ZAMANI
Denetim Alanı 20181213155011.0
008 - SABİT-BOY VERİ ELEMANLARI - GENEL BİLGİLER
Sabit Uzunlukta Kontrol Alanı 161026b tu 000 0
020 ## - ULUSLARARASI STANDART KİTAP NUMARASI
Uluslararası Standart Kitap Numarası 9757820032
035 ## - SİSTEM KONTROL NUMARASI
Sistem Kontrol Numarası 14698
040 ## - KATALOGLAMA KAYNAK
Orijinal Kataloglama Ajansı Milas
Kataloglama Dili tur
Metne Dönüştürmek Ajansı TR-AnCHP
041 ## - DİL KODU
Metin / Ses Parça Veya Ayrı Başlığın Dil Kodu tur
082 ## - DEWEY ONLU SINIFLANDIRMA NUMARASI
Sınıflandırma Numarası 323.09561
Ürün Numarası İ57 1998
090 ## - SINIFLAMA NUMARASI
Sınıflama Numarası 323.09561 İ57 1998
111 ## - ANA GİRİŞ - TOPLANTI ADI
Giriş Elemanı Olarak Toplantı Adı Veya Yargı Alanı Adı İnsan hakları ve Türkiye
Toplantının Yeri İstanbul
Toplantı Veya Antlaşma İmzalandığı Tarihi 1997
245 ## - BAŞLIK TABLOSU
Başlık İnsan hakları ve Türkiye
Başlığın Kalan Panel
Sorumluluk Tablosu, Vb yayıma hazırlayan Aydın Ünal
260 ## - YAYIN, DAĞITIM, VB
Yayın, Dağıtım, Vb Yeri Ankara
Yayıncı, Dağıtıcı, Vs Adı HAK-İŞ
Yayın, Dağıtım, Vb Tarihi 1998
300 ## - FİZİKSEL TANIM
Kapsam 96 s.
Boyutlar 19 sm.
490 ## - SERİSİ TABLOSU
Seri Beyanı HAK-İŞ eğitim yayınları
Hacim / Ardışık Tanımı 33
650 ## - KONU KATMA GİRİŞ - TOPİKAL DÖNEM
Topikal Süreli Veya Coğrafi Ad Giriş Elemanı İnsan hakları
Genel Alt Bölümü Toplantılar
Coğrafi Alt Bölümü Türkiye
651 ## - KONU KATMA GİRİŞ - COĞRAFİ ADI
Coğrafi İsim Türkiye
Genel Alt Bölümü İnsan hakları
Kronolojik Alt Bölümü Toplantılar
700 ## - KATMA GİRİŞ - KİŞİSEL İSİM
Kişisel Ad Ünal, Aydın
942 ## - EKLENDİ GİRİŞ ELEMANLARI (KOHA)
Sınıflandırma Veya Raf Düzeni Kaynak Dewey Decimal Classification
Koha Öğesi Türü Books
999 ## - SİSTEM KONTROL NUMARALARI (KOHA)
Koha Biblionumber 4586
Koha Biblioitemnumber 4586
Holdings
Kalıcı Konum Mevcut Konum Edinme Tarihi Edinim Kaynak Toplam Check-Out'Lar Tam Çağrı Numarası Barkod Tarih Son Görülme İtibaren Geçerli Fiyatlar Koha Öğesi Türü
CHP Kütüphanesi CHP Kütüphanesi 08/30/2016 Bağış   323.09561 İ57 1998 002737 08/30/2016 08/30/2016 Books